000 00522nam a22001697a 4500
003 CEME
005 20210628201721.0
008 210215b xxu||||| |||| 00| 0 eng d
020 _a0-8311-3136-5
040 _c.
082 _a621.9023 SMI
100 _aSmid, Peter Krar, Steve
_956508
245 _aCnc programming handbook a comprehensive guide to practical cnc programming
260 _aNEW YORK
_bINDUSTRIAL PRESS
_c2000
650 _aMACHINE TOOLS-NUMERICAL CONTROL-PROGRAMMING-HANDBOOKS
_956509
942 _cBK
_2ddc
999 _c566897
_d566897